Little men : (Record no. 492)
[ view plain ]
| 000 -LEADER | |
|---|---|
| fixed length control field | 01235pam a2200337 a 4500 |
| 001 - CONTROL NUMBER | |
| control field | 652414 |
| 003 - CONTROL NUMBER IDENTIFIER | |
| control field | OSt |
| 005 - DATE AND TIME OF LATEST TRANSACTION | |
| control field | 20140310181630.0 |
| 008 - FIXED-LENGTH DATA ELEMENTS--GENERAL INFORMATION | |
| fixed length control field | 940426s1994 mau j 000 1 eng |
| 010 ## - LIBRARY OF CONGRESS CONTROL NUMBER | |
| LC control number | 94017448 |
| 020 ## - INTERNATIONAL STANDARD BOOK NUMBER | |
| International Standard Book Number | 0316031089 (hc) : |
| Terms of availability | $14.95 |
| 020 ## - INTERNATIONAL STANDARD BOOK NUMBER | |
| International Standard Book Number | 0316031046 (pb) : |
| Terms of availability | $6.95 |
| 040 ## - CATALOGING SOURCE | |
| Original cataloging agency | DLC |
| Transcribing agency | DLC |
| Modifying agency | DLC |
| 042 ## - AUTHENTICATION CODE | |
| Authentication code | lcac |
| 050 00 - LIBRARY OF CONGRESS CALL NUMBER | |
| Classification number | PS 1017 |
| Item number | .Al355 1983 |
| 082 00 - DEWEY DECIMAL CLASSIFICATION NUMBER | |
| Classification number | CLA |
| Item number | Al1lm 1983 |
| 100 1# - MAIN ENTRY--PERSONAL NAME | |
| Personal name | Alcott, Louisa May, |
| Dates associated with a name | 1832-1888. |
| 9 (RLIN) | 2893 |
| 245 10 - TITLE STATEMENT | |
| Title | Little men : |
| Remainder of title | life at Plumfield with Jo's boys / |
| Statement of responsibility, etc | by Louisa May Alcott. |
| 260 ## - PUBLICATION, DISTRIBUTION, ETC. (IMPRINT) | |
| Place of publication, distribution, etc | Boston : |
| Name of publisher, distributor, etc | Little, Brown, |
| Date of publication, distribution, etc | c1983 |
| 300 ## - PHYSICAL DESCRIPTION | |
| Extent | 332 p. ; |
| Dimensions | 20 cm. |
| 520 ## - SUMMARY, ETC. | |
| Summary, etc | Follows the adventures of Jo March and her husband Professor Bhaer as they try to make their school for boys a happy, comfortable, and stimulating place. |
| 541 ## - IMMEDIATE SOURCE OF ACQUISITION NOTE | |
| -- | 1 |
| 562 ## - COPY AND VERSION IDENTIFICATION NOTE | |
| Number of copies | 1 |
| 650 #1 - SUBJECT ADDED ENTRY--TOPICAL TERM | |
| Topical term or geographic name as entry element | Boarding schools |
| General subdivision | Fiction. |
| 9 (RLIN) | 2894 |
| 650 #1 - SUBJECT ADDED ENTRY--TOPICAL TERM | |
| Topical term or geographic name as entry element | Schools |
| General subdivision | Fiction. |
| 9 (RLIN) | 2895 |
| 650 #1 - SUBJECT ADDED ENTRY--TOPICAL TERM | |
| Topical term or geographic name as entry element | Family life |
| Geographic subdivision | New England |
| General subdivision | Fiction. |
| 9 (RLIN) | 2896 |
| 651 #1 - SUBJECT ADDED ENTRY--GEOGRAPHIC NAME | |
| Geographic name | New England |
| General subdivision | Fiction. |
| 9 (RLIN) | 2897 |
| 906 ## - LOCAL DATA ELEMENT F, LDF (RLIN) | |
| a | 7 |
| b | cbc |
| c | orignew |
| d | 1 |
| e | ocip |
| f | 19 |
| g | y-gencatlg |
| 942 ## - ADDED ENTRY ELEMENTS (KOHA) | |
| Source of classification or shelving scheme | Library of Congress Classification |
| Koha item type | |
| Call number prefix | |
| Withdrawn status | Lost status | Source of classification or shelving scheme | Damaged status | Home library | Current library | Shelving location | Date acquired | Total Checkouts | Full call number | Barcode | Date last seen | Copy number | Price effective from | Koha item type |
|---|---|---|---|---|---|---|---|---|---|---|---|---|---|---|
| Library of Congress Classification | Luxembourg Library | Luxembourg Library | Classic Section | 03/09/2012 | PS 1017 .Al355 1983 | 1989 | 03/18/2020 | 1 | 10/03/2013 | Books |